000
00332 a2200145 4500
001
147761
040
_c
Escola São Tomás de Aquino
100
_a
MAZETTI, Maria
240
1
0
_a
Telefone está tocando
_l
por
245
1
0
_a
Telefone está tocando
300
_a
12
440
1
_a
Bakana
697
_a
*LITERATURA INFANTO
942
_c
BK
999
_c
147761
_d
147761